000 00549nam a2200193Ia 4500
005 20250507130249.0
008 008 250505s9999 xx 000 0 eng d
037 _aSeries Article
040 _aEASL
_beng
_cEASL
041 _aeng
_2eng
084 _qEASL
100 _aWilliams James H.
_9669170
245 0 _aFang Lizhi (1936-2012): An appreciation
260 _aUK
_bLondon Cambridge Univesity Press UK
_c2012
300 _a844-850p.
650 _aChinese History; Fang
_9755056
942 _cSRA
999 _c1318650
_d1318650